| Tag |
First Indicator |
Second Indicator |
Subfields |
| LEADER |
00000cam a2200000 a 4500 |
| 001 |
in00004451813 |
| 005 |
20191202120926.0 |
| 008 |
890928s1987 sz a b i00000 eng d |
| 020 |
|
|
|a 9241542748 (pbk.)
|
| 035 |
|
|
|a (OCoLC)20898129
|
| 035 |
|
|
|9 AAA0192MS
|
| 035 |
|
|
|z (UtOrBLW)91
|
| 035 |
|
|
|a 614
|
| 040 |
|
|
|a NLM
|c NLM
|d TMV
|d UtOrBLW
|
| 049 |
|
|
|a TMVM
|c 1
|
| 060 |
0 |
0 |
|a W1
|b EN983 v.74 1987
|a [QU 60 D537 1987]
|
| 060 |
|
4 |
|a WA 30
|b E61 v.74 1987
|
| 245 |
0 |
0 |
|a Diaminotoluenes.
|
| 264 |
|
1 |
|a Geneva :
|b World Health Organization,
|c 1987.
|
| 264 |
|
2 |
|a Albany, NY :
|b WHO Publications Center USA [distributor].
|
| 300 |
|
|
|a 67 pages :
|b illustrations ;
|c 21 cm.
|
| 336 |
|
|
|a text
|2 rdacontent
|b txt
|
| 337 |
|
|
|a unmediated
|2 rdamedia
|
| 338 |
|
|
|a volume
|2 rdacarrier
|b nc
|
| 490 |
1 |
|
|a Environmental health criteria ;
|v 74
|
| 500 |
|
|
|a "Published under the joint sponsorship of the United Nations Environment Programme, the International Labour Organisation, and the World Health Organization."
|
| 500 |
|
|
|a "IPCS International Programme on Chemical Safety"--P. [1] of cover.
|
| 500 |
|
|
|a "A WHO Task Group on Environmental Health Criteria for Diaminotoluenes met at the Monitoring and Assessment Research Centre, London, United Kingdom, from 20 to 25 October 1986"--P. 8.
|
| 500 |
|
|
|a Errata slip inserted.
|
| 504 |
|
|
|a Includes bibliographical references (pages 57-67).
|
| 650 |
|
2 |
|a Environmental Exposure.
|
| 650 |
|
2 |
|a Phenylenediamines
|x toxicity.
|
| 710 |
2 |
|
|a International Program on Chemical Safety.
|
| 710 |
2 |
|
|a International Labour Organisation.
|
| 710 |
2 |
|
|a World Health Organization.
|
| 710 |
2 |
|
|a WHO Task Group on Environmental Health Criteria for Diaminotoluenes.
|
| 830 |
|
0 |
|a Environmental health criteria ;
|v 74.
|
| 999 |
|
|
|a MARS
|
| 999 |
f |
f |
|s b273969d-2331-3c81-afeb-979f5658f527
|i 2d684868-357d-375f-b64f-c60c5aab6800
|t 0
|
| 952 |
f |
f |
|p ric
|a Texas A&M University
|b Rellis Campus
|c Joint Library Facility
|d Remote Storage
|t 0
|e WA 30 E61 v.74 1987
|h National Library of Medicine classification
|i unmediated -- volume
|m 323890089812A
|
| 998 |
f |
f |
|a WA 30 E61 v.74 1987
|t 0
|l Remote Storage
|